| 000 | 00470nam a2200181 4500 | ||
|---|---|---|---|
| 003 | SEACOMEC | ||
| 005 | 20240404132004.0 | ||
| 008 | 231006b |||||||| |||| 00| 0 eng d | ||
| 020 | _cRs. 300.00 | ||
| 040 | _aSEACOMEC | ||
| 082 |
_a621.38152 _bR888 |
||
| 100 | 1 | _aRoy, Dilip K. | |
| 245 | 1 |
_aPhysics of semiconductor devices _cDilip K. Roy |
|
| 260 |
_aHyderabad _bUniversities _c2004 |
||
| 650 | _aApplied physics | ||
| 650 | _aComponents and circuits | ||
| 942 | _cBOOK | ||
| 999 |
_c113 _d113 |
||